00640nam a2200193Ia 4500003000900000008004100009020001800050040001600068080001200084100002800096245010700124260004400231300001000275650002000285700002800305942000700333999001700340952008900357IN-BaIIA211028s9999 xx 000 0 eng d a0-19-510519-2 cIIA Library a51bCOU aCourant, Richard935731 0aWhat is Mathematics?ban elementary approach to ideas and methodscRichard Courant and Herbert Robbins aNew YorkbOxford University Pressc1996 a566p. aMathematics982 aRobbins, Herbert935732 cBK c18655d18655 00104070aBANbKODcGENd2013-05-04l0o51/ COUp19577r2021-11-05w2013-05-04yBK